Modernos medios de investigación en materia penal: el agente encubierto y otros institutos como propuesta de solución
Guardat en:
| Autor principal: | |
|---|---|
| Format: | Llibre |
| Idioma: | espanyol |
| Publicat: |
Buenos Aires
Cathedra Jurídica
2015
|
| Edició: | 1a. ed |
| Matèries: | |
| Etiquetes: |
Afegir etiqueta
Sense etiquetes, Sigues el primer a etiquetar aquest registre!
|
MARC
| LEADER | 00000cam a2200000 a 4500 | ||
|---|---|---|---|
| 001 | UCE7282 | ||
| 003 | CL-VaPUC | ||
| 008 | 150605e20150000ag |||||||||||||||||spa|d | ||
| 020 | |a 9789871419975 | ||
| 082 | 0 | 4 | |a 345 |b SLU |2 21 |
| 100 | 0 | |a Slupski, Diego Javier |e author |9 579967 | |
| 245 | 1 | 0 | |a Modernos medios de investigación en materia penal: el agente encubierto y otros institutos como propuesta de solución |
| 250 | |a 1a. ed | ||
| 300 | |a 170 p | ||
| 942 | |c BK | ||
| 945 | |d 20150605 14:50:00 |a dcastane | ||
| 260 | |a Buenos Aires |b Cathedra Jurídica |c 2015 | ||
| 650 | 7 | |a DERECHO PENAL |2 CL-VaPUC |9 11 | |
| 650 | 0 | |a Investigación jurídica |9 328647 | |
| 583 | |a last modification |c 20150605 14:50:00 |k Rodrigo Vera | ||
| 999 | |c 359383 |d 359381 | ||
| 952 | |0 0 |1 0 |3 erb |4 0 |6 345_000000000000000_SLU_2015 |7 0 |8 A |9 468545 |a BIBDER |b BIBDER |i 5161681 |l 2 |m 3 |o 345 SLU 2015 |p 5161681 |r 2024-11-26 |s 2024-11-08 |w 2019-11-23 |y BK |z Catalogado en:20150605 |k DER | ||